Collaborators (Record no. 74560)

MARC details
000 -LEADER
fixed length control field 00462cam a2200169 4500
001 - CONTROL NUMBER
control field ##X127645
008 - FIXED-LENGTH DATA ELEMENTS--GENERAL INFORMATION
fixed length control field 041007n 000 0 eng u
035 ## - SYSTEM CONTROL NUMBER
System control number (Sirsi) u127645
041 0# - LANGUAGE CODE
Language code of text/sound track or separate title eng
100 1# - MAIN ENTRY--PERSONAL NAME
Personal name Lane, T.
245 00 - TITLE STATEMENT
Title Collaborators
260 #0 - PUBLICATION, DISTRIBUTION, ETC.
Place of publication, distribution, etc. Building
-- 268(8292) 18 July 2003, 53-55(3)
520 ## - SUMMARY, ETC.
Summary, etc. Outlines the impressions of one company on using online procurement.
651 #4 - SUBJECT ADDED ENTRY--GEOGRAPHIC NAME
Geographic name United Kingdom
Chronological subdivision
690 24 - LOCAL SUBJECT ADDED ENTRY--TOPICAL TERM (OCLC, RLIN)
Topical term or geographic name as entry element Procurement
9 (RLIN) 6260
942 ## - ADDED ENTRY ELEMENTS (KOHA)
Suppress in OPAC 0
Holdings
Withdrawn status Lost status Source of classification or shelving scheme Damaged status Not for loan Home library Current library Shelving location Date acquired Total Checkouts Full call number Barcode Date last seen Copy number Price effective from Koha item type
    Dewey Decimal Classification     London London Journal article 07/10/2004   X127645 127645-1001 06/08/2019 1 06/08/2019 Journal article